ISVA Diamond Jubilee 1984 (Record no. 100541)

MARC details
000 -LEADER
fixed length control field 00608cam a22001935a 4500
001 - CONTROL NUMBER
control field J106227
008 - FIXED-LENGTH DATA ELEMENTS--GENERAL INFORMATION
fixed length control field 071127s1984 xxka f 000 0deng u
035 ## - SYSTEM CONTROL NUMBER
System control number (Sirsi) u106227
041 ## - LANGUAGE CODE
Language code of text/sound track or separate title eng
050 04 - LIBRARY OF CONGRESS CALL NUMBER
Classification number 920 $2 18
110 ## - MAIN ENTRY--CORPORATE NAME
Corporate name or jurisdiction name as entry element Incorporated Society of Valuers and Auctioneers
9 (RLIN) 1201
245 00 - TITLE STATEMENT
Title ISVA Diamond Jubilee 1984
Remainder of title commemorative brochure
260 ## - PUBLICATION, DISTRIBUTION, ETC.
Place of publication, distribution, etc. London
Name of publisher, distributor, etc. ISVA
Date of publication, distribution, etc. [1984]
300 ## - PHYSICAL DESCRIPTION
Extent 48 p. ;
Other physical details ill. ,
Dimensions 21 cm.
520 ## - SUMMARY, ETC.
Summary, etc. A history of the ISVA.
651 #4 - SUBJECT ADDED ENTRY--GEOGRAPHIC NAME
Geographic name United Kingdom
Chronological subdivision
690 ## - LOCAL SUBJECT ADDED ENTRY--TOPICAL TERM (OCLC, RLIN)
Topical term or geographic name as entry element ABOUT RICS-RELATED ORGANISATIONS-INCORPORATED SOCIETY OF VALUERS AND AUCTIONEERS
942 ## - ADDED ENTRY ELEMENTS (KOHA)
Suppress in OPAC 0
Holdings
Withdrawn status Lost status Source of classification or shelving scheme Damaged status Not for loan Home library Current library Shelving location Date acquired Total Checkouts Full call number Barcode Date last seen Copy number Price effective from Koha item type
    Dewey Decimal Classification     London London Reference copy 02/06/2000   920 INC 30061568 06/08/2019 1 06/08/2019 Book